[Event "Titled Tuesday intern op 13th Apr"]
[Site "Chess.com INT"]
[Date "2021.04.13"]
[Round "3"]
[White "Randazzo, Adrian"]
[Black "Carroll, Thomas"]
[Result "1-0"]
[WhiteElo "2293"]
[BlackElo "2033"]
[PlyCount "49"]
[EventDate "2021.04.13"]
[EventType "swiss (blitz)"]
[EventRounds "11"]
[EventCountry "USA"]
[SourceTitle "CBM 201 Extra"]
[Source "ChessBase"]
[SourceDate "2021.05.31"]
[SourceVersion "1"]
[SourceVersionDate "2021.05.31"]
[SourceQuality "1"]

1. e4 c5 2. Nf3 d6 3. Bb5+ Nd7 4. a4 Ngf6 5. Nc3 g6 6. a5 a6 7. Bc4 Bg7 8. Bxf7+ Kf8 9. Bb3 b5 10. axb6 Nxb6 11. d3 Bg4 12. h3 Bxf3 13. Qxf3 Nbd7 14. Qe2 e5 15. 0-0 Nh5 16. f4 exf4 17. Bxf4 Nxf4 18. Rxf4+ Bf6 19. Nd5 Kg7 20. Nxf6 Nxf6 21. Raf1 Rf8 22. e5 dxe5 23. Qxe5 Rc8 24. g4 h6 25. h4 1-0

[Event "Titled Tuesday intern op 13th Apr"]
[Site "Chess.com INT"]
[Date "2021.04.13"]
[Round "9"]
[White "Randazzo, Adrian"]
[Black "Goryachkina, Aleksandra"]
[Result "0-1"]
[WhiteElo "2293"]
[BlackElo "2593"]
[PlyCount "62"]
[EventDate "2021.04.13"]
[EventType "swiss (blitz)"]
[EventRounds "11"]
[EventCountry "USA"]
[SourceTitle "CBM 201 Extra"]
[Source "ChessBase"]
[SourceDate "2021.05.31"]
[SourceVersion "1"]
[SourceVersionDate "2021.05.31"]
[SourceQuality "1"]

1. e4 c5 2. Nf3 e6 3. d3 Nc6 4. g3 d5 5. Qe2 Nf6 6. Bg2 Be7 7. 0-0 0-0 8. e5 Nd7 9. c4 Nb6 10. b3 a5 11. a4 Nb4 12. Rd1 Bd7 13. Nc3 Bc6 14. h4 Nd7 15. h5 h6 16. Bf4 Re8 17. d4 dxc4 18. bxc4 cxd4 19. Nxd4 Bxg2 20. Kxg2 Qb6 21. Ndb5 Nc5 22. Ne4 Qc6 23. f3 Nxe4 24. Qxe4 Qxe4 25. fxe4 Red8 26. Rac1 Nd3 27. Rb1 Nc5 28. Kf3 Nxa4 29. Nd6 Nc3 30. Rdc1 Nxb1 31. Rxb1 a4 0-1

[Event "Titled Tuesday intern op 13th Apr"]
[Site "Chess.com INT"]
[Date "2021.04.13"]
[Round "4"]
[White "Stojanovski, Sandi"]
[Black "Randazzo, Adrian"]
[Result "1/2-1/2"]
[WhiteElo "2232"]
[BlackElo "2293"]
[PlyCount "110"]
[EventDate "2021.04.13"]
[EventType "swiss (blitz)"]
[EventRounds "11"]
[EventCountry "USA"]
[SourceTitle "CBM 201 Extra"]
[Source "ChessBase"]
[SourceDate "2021.05.31"]
[SourceVersion "1"]
[SourceVersionDate "2021.05.31"]
[SourceQuality "1"]

1. c4 e6 2. Nc3 d5 3. cxd5 exd5 4. d4 Nf6 5. Bg5 c6 6. e3 Nbd7 7. Bd3 Be7 8. Nf3 Nh5 9. Bxe7 Qxe7 10. 0-0 0-0 11. Re1 Nhf6 12. Rb1 Re8 13. e4 dxe4 14. Nxe4 Nxe4 15. Rxe4 Qf8 16. Qe2 Rxe4 17. Qxe4 Nf6 18. Qh4 h6 19. Bc4 Bf5 20. Re1 Qb4 21. Bb3 Re8 22. Re5 Rxe5 23. dxe5 Qc5 24. h3 Ne4 25. Qd8+ Kh7 26. Qd4 Bg6 27. Qxc5 Nxc5 28. Bc4 b5 29. Be2 Nd7 30. Nd4 Nxe5 31. f4 Nd3 32. Bxd3 Bxd3 33. Nxc6 a6 34. Nb4 Bb1 35. Nxa6 Bxa2 36. Nb4 Bc4 37. Kf2 Kg6 38. Ke3 Kf5 39. g4+ Ke6 40. h4 f6 41. Kd4 g5 42. hxg5 hxg5 43. Ke4 Bf1 44. Nc6 Kd6 45. Nd4 gxf4 46. Kxf4 Kd5 47. Nxb5 Bxb5 48. Kf5 Bd7+ 49. Kxf6 Bxg4 50. Kg5 Be2 51. Kf4 Kc4 52. Ke3 Bd1 53. Kd2 Kb3 54. Kc1 Be2 55. Kd2 Kxb2 1/2-1/2

[Event "Titled Tuesday intern op 17th Nov"]
[Site "Chess.com INT"]
[Date "2020.11.17"]
[Round "10"]
[White "De Silva, LMST"]
[Black "Randazzo, Adrian"]
[Result "0-1"]
[WhiteElo "2085"]
[BlackElo "2293"]
[PlyCount "54"]
[EventDate "2020.11.17"]
[EventType "swiss (blitz)"]
[EventRounds "11"]
[EventCountry "USA"]
[SourceTitle "CBM 199 Extra"]
[Source "ChessBase"]
[SourceDate "2021.01.31"]
[SourceVersion "1"]
[SourceVersionDate "2021.01.31"]
[SourceQuality "1"]

1. e4 c5 2. Nf3 d6 3. Bb5+ Bd7 4. Bxd7+ Qxd7 5. c4 Nf6 6. Nc3 g6 7. d4 cxd4 8. Nxd4 Bg7 9. f3 0-0 10. Be3 Nc6 11. 0-0 a6 12. a4 Qc7 13. b3 e6 14. Qd2 Rfc8 15. Rfd1 Nd7 16. Rac1 Nc5 17. Rb1 Na5 18. Qc2 Ncxb3 19. Nxb3 Nxc4 20. Bd4 Na3 21. Qa2 Nxb1 22. Nxb1 Bxd4+ 23. Nxd4 Qc4 24. Qa3 e5 25. Nb3 Qe2 26. Qxd6 Rc2 27. Rd2 Qe1# 0-1

[Event "Titled Tuesday intern op 17th Nov"]
[Site "Chess.com INT"]
[Date "2020.11.17"]
[Round "11"]
[White "Randazzo, Adrian"]
[Black "Bodnaruk, Anastasia"]
[Result "1-0"]
[WhiteElo "2293"]
[BlackElo "2414"]
[PlyCount "89"]
[EventDate "2020.11.17"]
[EventType "swiss (blitz)"]
[EventRounds "11"]
[EventCountry "USA"]
[SourceTitle "CBM 199 Extra"]
[Source "ChessBase"]
[SourceDate "2021.01.31"]
[SourceVersion "1"]
[SourceVersionDate "2021.01.31"]
[SourceQuality "1"]

1. e4 c5 2. Nf3 d6 3. Bb5+ Nd7 4. a4 Ngf6 5. Nc3 g6 6. a5 Bg7 7. a6 bxa6 8. Bxa6 Bxa6 9. Rxa6 0-0 10. 0-0 c4 11. Ra4 Nb6 12. Ra2 a5 13. d3 Nfd7 14. d4 e6 15. Bg5 Qc7 16. Qd2 f5 17. Bh6 Nf6 18. Bxg7 Qxg7 19. e5 Ne8 20. Rfa1 a4 21. Nxa4 Nd5 22. Nc3 Rxa2 23. Rxa2 dxe5 24. dxe5 Nec7 25. Ra7 Rd8 26. Qg5 Qd7 27. Nxd5 Qxd5 28. h4 Qd7 29. h5 Kf7 30. Qf6+ Kg8 31. hxg6 Rf8 32. gxh7+ Qxh7 33. Qg5+ Kh8 34. g3 f4 35. Kg2 fxg3 36. fxg3 Qxc2+ 37. Kh3 Qh7+ 38. Nh4 Rg8 39. Qf6+ Qg7 40. Rxc7 Qxf6 41. exf6 e5 42. g4 e4 43. Re7 Rb8 44. Ng6+ Kg8 45. Rg7# 1-0

[Event "Titled Tuesday intern op 17th Nov"]
[Site "Chess.com INT"]
[Date "2020.11.17"]
[Round "4"]
[White "Randazzo, Adrian"]
[Black "Fisabilillah, Ummi"]
[Result "1-0"]
[WhiteElo "2293"]
[BlackElo "2159"]
[PlyCount "59"]
[EventDate "2020.11.17"]
[EventType "swiss (blitz)"]
[EventRounds "11"]
[EventCountry "USA"]
[SourceTitle "CBM 199 Extra"]
[Source "ChessBase"]
[SourceDate "2021.01.31"]
[SourceVersion "1"]
[SourceVersionDate "2021.01.31"]
[SourceQuality "1"]

1. e4 e6 2. Qe2 d5 3. exd5 Qxd5 4. Nc3 Qd8 5. d4 Nf6 6. Bf4 Bb4 7. Nf3 0-0 8. a3 Bxc3+ 9. bxc3 Nbd7 10. g3 b6 11. Bg2 Bb7 12. c4 c5 13. c3 Rc8 14. 0-0 Re8 15. Rfd1 Qe7 16. a4 cxd4 17. cxd4 Ba6 18. Rdc1 Qb4 19. Nd2 Nd5 20. Be3 Nxe3 21. Qxe3 Bxc4 22. Bb7 Rc7 23. Ba6 b5 24. Bxb5 Rec8 25. Rab1 Bxb5 26. Rxc7 Rxc7 27. Rxb4 Rc1+ 28. Kg2 Bc6+ 29. f3 h6 30. Rc4 1-0

[Event "Titled Tuesday intern op 10th Nov"]
[Site "Chess.com INT"]
[Date "2020.11.10"]
[Round "8"]
[White "Lauridsen, Jesper Morch"]
[Black "Randazzo, Adrian"]
[Result "0-1"]
[WhiteElo "2215"]
[BlackElo "2293"]
[PlyCount "74"]
[EventDate "2020.11.10"]
[EventType "swiss (blitz)"]
[EventRounds "11"]
[EventCountry "USA"]
[SourceTitle "CBM 199 Extra"]
[Source "ChessBase"]
[SourceDate "2021.01.31"]
[SourceVersion "1"]
[SourceVersionDate "2021.01.31"]
[SourceQuality "1"]

1. e4 c5 2. d4 cxd4 3. c3 Nf6 4. e5 Nd5 5. Nf3 Nc6 6. Bc4 e6 7. 0-0 d6 8. cxd4 Be7 9. Qe2 0-0 10. Nc3 Nxc3 11. bxc3 dxe5 12. dxe5 Qc7 13. Rd1 b6 14. Bd3 Bb7 15. Qe4 g6 16. Bh6 Na5 17. Qf4 Rfd8 18. Ng5 f6 19. Nxe6 Qc6 20. Qg3 Rxd3 21. Rxd3 Qxe6 22. exf6 Bxf6 23. Re3 Qf5 24. Rae1 Nc4 25. Re8+ Rxe8 26. Rxe8+ Kf7 27. Rf8+ Ke6 28. h4 Nd6 29. Rb8 Be5 30. Qe3 Qb1+ 31. Qc1 Qe4 32. f3 Qxh4 33. Bg5 Qh2+ 34. Kf1 Ba6+ 35. c4 Bxc4+ 36. Kf2 Qg3+ 37. Ke3 Qxg5+ 0-1

[Event "Titled Tuesday intern op 10th Nov"]
[Site "Chess.com INT"]
[Date "2020.11.10"]
[Round "9"]
[White "Rakotomaharo, Fy Antenaina"]
[Black "Randazzo, Adrian"]
[Result "1-0"]
[WhiteElo "2422"]
[BlackElo "2293"]
[PlyCount "123"]
[EventDate "2020.11.10"]
[EventType "swiss (blitz)"]
[EventRounds "11"]
[EventCountry "USA"]
[SourceTitle "CBM 199 Extra"]
[Source "ChessBase"]
[SourceDate "2021.01.31"]
[SourceVersion "1"]
[SourceVersionDate "2021.01.31"]
[SourceQuality "1"]

1. d4 Nf6 2. Nf3 c5 3. d5 b5 4. g3 Bb7 5. c4 bxc4 6. Nc3 g6 7. Bg2 Bg7 8. Nd2 0-0 9. Nxc4 e6 10. 0-0 exd5 11. Nxd5 Nxd5 12. Bxd5 Bxd5 13. Qxd5 Na6 14. Be3 Qc7 15. Rfd1 Nb4 16. Qxc5 Qxc5 17. Bxc5 Rfb8 18. Rxd7 Rc8 19. Bxb4 Rxc4 20. Bc3 Bxc3 21. bxc3 Rxc3 22. Rb1 a5 23. Rbb7 Rf8 24. Rd2 Ra3 25. Rb3 Ra4 26. a3 Rc8 27. Kg2 h5 28. h4 Rc5 29. Rd7 Rf5 30. f3 Kg7 31. Rc3 Rf6 32. e4 Kh6 33. Rd5 Rb6 34. Kh3 Rb7 35. Rdc5 Kg7 36. Rd5 Kg8 37. Kg2 Kg7 38. Kf2 Rb2+ 39. Ke3 Ra2 40. Rdd3 Rb2 41. Kf4 Rb6 42. Rd7 Rf6+ 43. Ke3 Kh6 44. g4 hxg4 45. fxg4 g5 46. h5 Re6 47. Rd4 Rxd4 48. Kxd4 Rf6 49. Rc5 Rf4 50. Rxa5 Rxg4 51. Rf5 Kg7 52. a4 Rh4 53. Rxg5+ Kf6 54. Rf5+ Ke6 55. a5 Rh1 56. Kc4 f6 57. a6 Ra1 58. Kb5 Rb1+ 59. Kc6 Ra1 60. Kb6 Rb1+ 61. Rb5 Re1 62. a7 1-0

[Event "Titled Tuesday intern op 10th Nov"]
[Site "Chess.com INT"]
[Date "2020.11.10"]
[Round "11"]
[White "Randazzo, Adrian"]
[Black "Myers, Dominique"]
[Result "1-0"]
[WhiteElo "2293"]
[BlackElo "1990"]
[PlyCount "57"]
[EventDate "2020.11.10"]
[EventType "swiss (blitz)"]
[EventRounds "11"]
[EventCountry "USA"]
[SourceTitle "CBM 199 Extra"]
[Source "ChessBase"]
[SourceDate "2021.01.31"]
[SourceVersion "1"]
[SourceVersionDate "2021.01.31"]
[SourceQuality "1"]

1. e4 e5 2. Nf3 Nc6 3. Nc3 Nf6 4. d4 exd4 5. Nxd4 Bb4 6. Nxc6 bxc6 7. Bd3 d5 8. exd5 cxd5 9. 0-0 0-0 10. h3 c6 11. Qf3 Bd6 12. Bf4 Rb8 13. b3 Re8 14. Na4 Qc7 15. Bxd6 Qxd6 16. Rfd1 h5 17. c4 d4 18. c5 Qc7 19. Bc4 Re5 20. Rxd4 Rg5 21. Rad1 Bf5 22. Qe3 Rg6 23. Rd6 Re8 24. Qf4 Bxh3 25. Rxf6 Rxg2+ 26. Kh1 Qe7 27. Bxf7+ Kh8 28. Rh6+ gxh6 29. Qxh6# 1-0

[Event "Titled Tuesday intern op 10th Nov"]
[Site "Chess.com INT"]
[Date "2020.11.10"]
[Round "6"]
[White "Ward, Ieuan C"]
[Black "Randazzo, Adrian"]
[Result "0-1"]
[WhiteElo "2028"]
[BlackElo "2293"]
[PlyCount "48"]
[EventDate "2020.11.10"]
[EventType "swiss (blitz)"]
[EventRounds "11"]
[EventCountry "USA"]
[SourceTitle "CBM 199 Extra"]
[Source "ChessBase"]
[SourceDate "2021.01.31"]
[SourceVersion "1"]
[SourceVersionDate "2021.01.31"]
[SourceQuality "1"]

1. e4 c5 2. Nf3 d6 3. d4 cxd4 4. Nxd4 Nf6 5. Nc3 g6 6. Be3 a6 7. Qd2 b5 8. f3 Bb7 9. 0-0-0 Nbd7 10. Kb1 b4 11. Nce2 e5 12. Nb3 a5 13. c3 d5 14. exd5 a4 15. Nbc1 Nxd5 16. c4 Nxe3 17. Qxe3 Bg7 18. Ng3 0-0 19. h4 e4 20. Nxe4 a3 21. Nb3 Bxe4+ 22. Qxe4 Qf6 23. Qd4 Ne5 24. bxa3 Rad8 0-1

[Event "Titled Tuesday intern op 29th Sept"]
[Site "Chess.com INT"]
[Date "2020.09.29"]
[Round "4"]
[White "Randazzo, Adrian"]
[Black "Guerreiro, Alexandre Vieira"]
[Result "1-0"]
[WhiteElo "2293"]
[BlackElo "2021"]
[PlyCount "107"]
[EventDate "2020.09.29"]
[EventType "swiss (blitz)"]
[EventRounds "10"]
[EventCountry "USA"]
[SourceTitle "CBM 198 Extra"]
[Source "ChessBase"]
[SourceDate "2020.11.30"]
[SourceVersion "1"]
[SourceVersionDate "2020.11.30"]
[SourceQuality "1"]

1. e4 c5 2. Nf3 e6 3. d3 d5 4. Qe2 dxe4 5. dxe4 Nf6 6. e5 Nd5 7. g3 Be7 8. Bg2 0-0 9. 0-0 b6 10. c4 Ba6 11. Rd1 Qc8 12. Qe4 Nc7 13. Nc3 Nd7 14. Bg5 Bxg5 15. Nxg5 g6 16. Qh4 h5 17. f4 Re8 18. Nce4 Kg7 19. Nd6 Qd8 20. Ndxf7 Qe7 21. Bc6 Rad8 22. Nxd8 Rxd8 23. Rd6 Bxc4 24. Rad1 Bd5 25. Nxe6+ Qxe6 26. Rxe6 Nxe6 27. Rxd5 Nxe5 28. Qxd8 Nxd8 29. Rxd8 Nxc6 30. Rd7+ Kf8 31. a3 Ke8 32. Rc7 Ne7 33. Rxa7 Nd5 34. Rg7 Ne7 35. Kf2 Kd7 36. Kf3 Ke6 37. Rxe7+ Kxe7 38. h3 Ke6 39. g4 hxg4+ 40. hxg4 Kd5 41. f5 gxf5 42. gxf5 Ke5 43. Kg4 Kf6 44. a4 c4 45. Kf4 Ke7 46. Ke5 Kf7 47. Kd5 c3 48. bxc3 Kf6 49. Kc6 Kxf5 50. Kxb6 Ke5 51. c4 Kd6 52. c5+ Kd7 53. Kb7 Ke6 54. c6 1-0

[Event "Titled Tuesday intern op 22nd Sept"]
[Site "Chess.com INT"]
[Date "2020.09.22"]
[Round "4"]
[White "Bommini, Mounika Akshaya"]
[Black "Randazzo, Adrian"]
[Result "1-0"]
[WhiteElo "2029"]
[BlackElo "2293"]
[PlyCount "91"]
[EventDate "2020.09.22"]
[EventType "swiss (blitz)"]
[EventRounds "10"]
[EventCountry "USA"]
[SourceTitle "CBM 198 Extra"]
[Source "ChessBase"]
[SourceDate "2020.11.30"]
[SourceVersion "1"]
[SourceVersionDate "2020.11.30"]
[SourceQuality "1"]

1. e4 c5 2. Nc3 a6 3. g3 b5 4. Bg2 Bb7 5. d3 b4 6. Nce2 e6 7. f4 d5 8. e5 g6 9. Nh3 h5 10. Nf2 Nh6 11. h3 Nc6 12. g4 Be7 13. Be3 Qb6 14. d4 cxd4 15. Nxd4 Bc5 16. c3 a5 17. 0-0 hxg4 18. hxg4 Kf8 19. Qf3 Ba6 20. Rfd1 a4 21. Rac1 bxc3 22. bxc3 Ne7 23. Rb1 Qa7 24. Nd3 Bb6 25. Nxe6+ fxe6 26. Rxb6 Qd7 27. Nc5 Qc8 28. Nxe6+ Kg8 29. Ng5 Nxg4 30. Rxg6+ Nxg6 31. Qxd5+ Kg7 32. Qf7+ Kh6 33. Rd6 Qg8 34. Qf5 Bc8 35. Nf7+ Kg7 36. Qxg6+ Kf8 37. Rd8+ Ke7 38. Qd6+ Kxf7 39. Bd5+ Kg7 40. Rxg8+ Rxg8 41. Qe7+ Kh6 42. Qh4+ Kg6 43. Qg5+ Kh7 44. Qxg8+ Kh6 45. f5+ Kh5 46. Qg5# 1-0

[Event "Titled Tuesday intern op 22nd Sept"]
[Site "Chess.com INT"]
[Date "2020.09.22"]
[Round "1"]
[White "Randazzo, Adrian"]
[Black "Gazik, Viktor"]
[Result "0-1"]
[WhiteElo "2293"]
[BlackElo "2539"]
[PlyCount "54"]
[EventDate "2020.09.22"]
[EventType "swiss (blitz)"]
[EventRounds "10"]
[EventCountry "USA"]
[SourceTitle "CBM 198 Extra"]
[Source "ChessBase"]
[SourceDate "2020.11.30"]
[SourceVersion "1"]
[SourceVersionDate "2020.11.30"]
[SourceQuality "1"]

1. e4 c5 2. Nf3 Nf6 3. Nc3 d6 4. d4 cxd4 5. Nxd4 a6 6. Be3 Nbd7 7. Be2 g6 8. Qd2 Bg7 9. Nb3 b5 10. f3 Bb7 11. 0-0-0 Rc8 12. Kb1 h5 13. h4 Ne5 14. Nd5 Bxd5 15. exd5 Nc4 16. Bxc4 bxc4 17. Nd4 c3 18. Qd3 cxb2 19. Nc6 Qd7 20. Qxa6 0-0 21. Qa7 Rc7 22. Qa3 Nxd5 23. Rxd5 Qxc6 24. Rd2 Ra8 25. Qb3 Rb7 26. Qd5 Qa6 27. Bd4 e6 0-1

[Event "Titled Tuesday intern op 15th Sept"]
[Site "Chess.com INT"]
[Date "2020.09.15"]
[Round "6"]
[White "Goryachkina, Aleksandra"]
[Black "Randazzo, Adrian"]
[Result "1-0"]
[WhiteElo "2582"]
[BlackElo "2293"]
[PlyCount "283"]
[EventDate "2020.09.15"]
[EventType "swiss (blitz)"]
[EventRounds "10"]
[EventCountry "USA"]
[SourceTitle "CBM 198 Extra"]
[Source "ChessBase"]
[SourceDate "2020.11.30"]
[SourceVersion "1"]
[SourceVersionDate "2020.11.30"]
[SourceQuality "1"]

1. e4 c5 2. Nf3 d6 3. c3 Nf6 4. Be2 Nbd7 5. d3 e6 6. 0-0 b6 7. Nbd2 Bb7 8. Re1 Rc8 9. Bf1 Qc7 10. d4 cxd4 11. cxd4 Qc2 12. Qxc2 Rxc2 13. Bd3 Rc8 14. a4 a6 15. b4 Be7 16. Bb2 0-0 17. Rac1 Rxc1 18. Rxc1 Rc8 19. Rxc8+ Bxc8 20. Kf1 Kf8 21. Ke2 Ke8 22. h3 h6 23. Ke3 Kd8 24. Ne1 Kc7 25. Nc2 Bb7 26. f4 Nb8 27. g4 d5 28. e5 Nfd7 29. b5 axb5 30. axb5 Kd8 31. Nf3 Ke8 32. h4 Kf8 33. h5 Kg8 34. Ba3 Bxa3 35. Nxa3 Kf8 36. f5 Ke7 37. Kf4 Nf8 38. Nc2 Nbd7 39. Nb4 Nb8 40. Nh4 Kd7 41. f6 gxf6 42. exf6 Kd6 43. g5 hxg5+ 44. Kxg5 e5 45. dxe5+ Kxe5 46. h6 Nbd7 47. Nf3+ Kd6 48. h7 Nxh7+ 49. Bxh7 Kc5 50. Nd3+ Kxb5 51. Bg8 Nxf6 52. Kxf6 Kc4 53. Nfe5+ Kc3 54. Bxf7 d4 55. Nf4 Be4 56. Ne2+ Kb4 57. Nxd4 b5 58. Kg5 Kc5 59. Nb3+ Kb4 60. Kf4 Bh1 61. Ke3 Kc3 62. Nd3 b4 63. Ndc5 Bg2 64. Na4+ Kc2 65. Kd4 Kd1 66. Kc5 Ke1 67. Kxb4 Kf1 68. Kc3 Kg1 69. Kd3 Kh2 70. Ke3 Kg3 71. Nd4 Bb7 72. Nc3 Kg4 73. Ncb5 Kg5 74. Nd6 Bh1 75. Bc4 Kf6 76. Kf4 Ke7 77. N4f5+ Kd7 78. Ke5 Kc7 79. Ne7 Kb6 80. Nd5+ Ka5 81. Kd4 Ka4 82. Kc3 Ka3 83. Nb5+ Ka4 84. Nbc7 Ka5 85. Kd4 Ka4 86. Ne6 Ka3 87. Nc5 Kb2 88. Nd3+ Ka3 89. Ne3 Ka4 90. Kc5 Bf3 91. Nc2 Ka5 92. Bb3 Ka6 93. Nd4 Ka7 94. Nxf3 Ka6 95. Nfe5 Kb7 96. Bd5+ Kc7 97. Nc4 Kd7 98. Nde5+ Ke7 99. Ne3 Kf6 100. Kd6 Kg5 101. Nd3 Kg6 102. Ke6 Kg7 103. Be4 Kh6 104. Kf6 Kh5 105. Nf4+ Kh4 106. Kf5 Kg3 107. Ned5 Kf2 108. Kg4 Ke1 109. Kf3 Kd2 110. Ne2 Kd1 111. Ke3 Ke1 112. Ndf4 Kd1 113. Nd5 Ke1 114. Kf3 Kd1 115. Ndc3+ Kd2 116. Nb5 Kd1 117. Nbd4 Kd2 118. Kf2 Kd1 119. Ke3 Ke1 120. Bc2 Kf1 121. Nb5 Kg2 122. Kd3 Kh3 123. Ke3 Kh4 124. Nf4 Kg5 125. Kf3 Kf6 126. Ke4 Ke7 127. Nd4 Kf6 128. Nde6 Ke7 129. Ke5 Kd7 130. Nd5 Kc6 131. Ba4+ Kb7 132. Nc5+ Ka7 133. Kd6 Kb8 134. Kc6 Kc8 135. Ne6 Kb8 136. Bb5 Ka7 137. Nc5 Kb8 138. Ba6 Ka7 139. Ne7 Kb8 140. Kb6 Ka8 141. Bb7+ Kb8 142. Nc6# 1-0

[Event "Titled Tuesday intern op 15th Sept"]
[Site "Chess.com INT"]
[Date "2020.09.15"]
[Round "8"]
[White "Wagner, Dennis"]
[Black "Randazzo, Adrian"]
[Result "1-0"]
[WhiteElo "2581"]
[BlackElo "2293"]
[PlyCount "93"]
[EventDate "2020.09.15"]
[EventType "swiss (blitz)"]
[EventRounds "10"]
[EventCountry "USA"]
[SourceTitle "CBM 198 Extra"]
[Source "ChessBase"]
[SourceDate "2020.11.30"]
[SourceVersion "1"]
[SourceVersionDate "2020.11.30"]
[SourceQuality "1"]

1. e4 c5 2. Nf3 d6 3. d4 cxd4 4. Nxd4 Nf6 5. Nc3 a6 6. Bd3 g6 7. Be3 Bg7 8. f3 Nc6 9. Qd2 Nxd4 10. Bxd4 Be6 11. 0-0-0 0-0 12. g4 d5 13. g5 Nh5 14. Bxg7 Nxg7 15. exd5 Bxd5 16. Bxg6 Bxf3 17. Bxf7+ Kh8 18. Qxd8 Raxd8 19. Rxd8 Rxd8 20. Rf1 Bc6 21. Re1 e6 22. Re2 Rd4 23. g6 hxg6 24. Bxg6 Rg4 25. Be4 Bxe4 26. Nxe4 Rh4 27. c3 Nh5 28. Kc2 Nf4 29. Rd2 Rh7 30. Rd8+ Kg7 31. Rd7+ Kg6 32. Rxh7 Kxh7 33. c4 Kg6 34. b4 Kf5 35. Nd6+ Ke5 36. Nxb7 Kd4 37. b5 axb5 38. cxb5 Kc4 39. a4 Kb4 40. Nd6 Kxa4 41. b6 Nd5 42. b7 Nb4+ 43. Kd2 Nc6 44. h4 Ka5 45. h5 Ka6 46. h6 Ne7 47. b8Q 1-0

[Event "Titled Tuesday intern op 08th Sept"]
[Site "Chess.com INT"]
[Date "2020.09.08"]
[Round "6"]
[White "Kalashian, David"]
[Black "Randazzo, Adrian"]
[Result "1-0"]
[WhiteElo "2398"]
[BlackElo "2293"]
[PlyCount "69"]
[EventDate "2020.09.08"]
[EventType "swiss (blitz)"]
[EventRounds "10"]
[EventCountry "USA"]
[SourceTitle "CBM 198 Extra"]
[Source "ChessBase"]
[SourceDate "2020.11.30"]
[SourceVersion "1"]
[SourceVersionDate "2020.11.30"]
[SourceQuality "1"]

1. d4 Nf6 2. c4 c5 3. Nf3 cxd4 4. Nxd4 e5 5. Nb5 d5 6. cxd5 Bc5 7. N5c3 0-0 8. g3 Qb6 9. e3 e4 10. Nd2 Bg4 11. Qb3 Qc7 12. Bg2 Re8 13. Ndxe4 Nxe4 14. Nxe4 Rxe4 15. Bxe4 Bh3 16. Bd2 Nd7 17. Qc2 g6 18. b4 Bd6 19. Qxc7 Bxc7 20. Ke2 Bd6 21. a3 Re8 22. Bc2 h5 23. Ba4 Re7 24. Rac1 Ne5 25. f3 g5 26. Rhg1 g4 27. f4 Nf3 28. Rgd1 Nxh2 29. Bc3 Bg2 30. Rd2 Nf3 31. Bf6 Nxd2 32. Rc8+ Kh7 33. Kxd2 Rc7 34. Bc2+ Kh6 35. Rh8# 1-0

[Event "Titled Tuesday intern op 08th Sept"]
[Site "Chess.com INT"]
[Date "2020.09.08"]
[Round "5"]
[White "Zenker, Ulrich"]
[Black "Randazzo, Adrian"]
[Result "0-1"]
[WhiteElo "2156"]
[BlackElo "2293"]
[PlyCount "46"]
[EventDate "2020.09.08"]
[EventType "swiss (blitz)"]
[EventRounds "10"]
[EventCountry "USA"]
[SourceTitle "CBM 198 Extra"]
[Source "ChessBase"]
[SourceDate "2020.11.30"]
[SourceVersion "1"]
[SourceVersionDate "2020.11.30"]
[SourceQuality "1"]

1. d4 Nf6 2. c4 c5 3. Nf3 cxd4 4. Nxd4 e5 5. Nb5 d5 6. cxd5 Bc5 7. N5c3 0-0 8. e3 Re8 9. Qb3 e4 10. Na3 Nbd7 11. Nc2 Ne5 12. Be2 Bg4 13. Bb5 Re7 14. a4 a6 15. Bf1 Rc8 16. h3 Bf5 17. Bd2 Nd3+ 18. Bxd3 exd3 19. Na3 Ne4 20. Nxe4 Bxe4 21. 0-0 Bxd5 22. Qxd3 Rd7 23. Qf5 Be6 0-1

[Event "Titled Tuesday intern op 18th Aug"]
[Site "Chess.com INT"]
[Date "2020.08.18"]
[Round "3"]
[White "Randazzo, Adrian"]
[Black "Boskovic, Drasko"]
[Result "0-1"]
[WhiteElo "2293"]
[BlackElo "2453"]
[PlyCount "74"]
[EventDate "2020.08.18"]
[EventType "swiss (blitz)"]
[EventRounds "10"]
[EventCountry "USA"]
[SourceTitle "CBM 197 Extra"]
[Source "ChessBase"]
[SourceDate "2020.09.30"]
[SourceVersion "1"]
[SourceVersionDate "2020.09.30"]
[SourceQuality "1"]

1. e4 c5 2. Nf3 e6 3. d3 d6 4. g3 Nc6 5. Bg2 e5 6. 0-0 g6 7. c3 Bg7 8. a3 a5 9. a4 Nge7 10. Na3 0-0 11. Be3 h6 12. d4 exd4 13. cxd4 d5 14. exd5 Nxd5 15. Nb5 Nxe3 16. fxe3 Be6 17. Rc1 cxd4 18. Nfxd4 Bd5 19. e4 Be6 20. Nxe6 fxe6 21. Qb3 Qe7 22. Bh3 Rxf1+ 23. Rxf1 Re8 24. Rd1 Be5 25. Qf3 Kh7 26. Qb3 h5 27. Qd3 Qc5+ 28. Kh1 Rd8 29. Qe2 Rxd1+ 30. Qxd1 Bxb2 31. Qd7+ Kh6 32. Qxe6 Qc1+ 33. Kg2 Qd2+ 34. Kg1 Qe3+ 35. Kf1 Ne5 36. Nd6 Qf3+ 37. Kg1 Bd4# 0-1

[Event "Titled Tuesday intern op 11th Aug"]
[Site "Chess.com INT"]
[Date "2020.08.11"]
[Round "2"]
[White "Crispin Ferreras, Darvi Abraham"]
[Black "Randazzo, Adrian"]
[Result "1-0"]
[WhiteElo "2142"]
[BlackElo "2293"]
[PlyCount "39"]
[EventDate "2020.08.11"]
[EventType "swiss (blitz)"]
[EventRounds "10"]
[EventCountry "USA"]
[SourceTitle "CBM 197 Extra"]
[Source "ChessBase"]
[SourceDate "2020.09.30"]
[SourceVersion "1"]
[SourceVersionDate "2020.09.30"]
[SourceQuality "1"]

1. c4 c5 2. Nc3 Nc6 3. g3 g6 4. Bg2 Bg7 5. e3 d6 6. Nge2 Bf5 7. 0-0 Bd3 8. Re1 Bxc4 9. Bxc6+ bxc6 10. Qa4 Be6 11. Qxc6+ Bd7 12. Qa6 h5 13. d4 h4 14. dxc5 hxg3 15. hxg3 dxc5 16. Rd1 Qc7 17. Nd5 Qe5 18. Nef4 Qe4 19. Ng2 Bc6 20. Qxc6+ 1-0

[Event "Titled Tuesday intern op 11th Aug"]
[Site "Chess.com INT"]
[Date "2020.08.11"]
[Round "1"]
[White "Randazzo, Adrian"]
[Black "Moranda, Wojciech"]
[Result "0-1"]
[WhiteElo "2293"]
[BlackElo "2605"]
[PlyCount "64"]
[EventDate "2020.08.11"]
[EventType "swiss (blitz)"]
[EventRounds "10"]
[EventCountry "USA"]
[SourceTitle "CBM 197 Extra"]
[Source "ChessBase"]
[SourceDate "2020.09.30"]
[SourceVersion "1"]
[SourceVersionDate "2020.09.30"]
[SourceQuality "1"]

1. e4 d6 2. d4 Nf6 3. Nc3 e5 4. Nge2 c6 5. g3 Be7 6. Bg2 b5 7. a3 Nbd7 8. 0-0 Bb7 9. h3 h5 10. Be3 Qc7 11. Qd2 a5 12. f4 0-0 13. f5 b4 14. Na4 exd4 15. Nxd4 c5 16. Nb5 Qc6 17. c4 Nxe4 18. Qd1 Rfe8 19. Qxh5 Ndf6 20. Qd1 d5 21. b3 Rad8 22. Qf3 Bf8 23. g4 Nd7 24. g5 Ne5 25. Qh5 Ng3 26. Qh4 Nxf1 27. Rxf1 Qd7 28. Bxc5 dxc4 29. Bxf8 Rxf8 30. Bxb7 Qxb7 31. bxc4 Nf3+ 32. Rxf3 Qxf3 0-1